Sports Quiz

Random Sports or NBA Quiz
Score 0/10 Timer 02:00
43 Plays Today
Season Player % Correct
2009-10Kevin Durant
99.5%
2010-11Kevin Durant
99.4%
2011-12Kevin Durant
99.4%
2012-13Kevin Durant
99.4%
2013-14Kevin Durant
99.4%
2015-16Kevin Durant
99.4%
2014-15Russell Westbrook
99.2%
2016-17Russell Westbrook
99.2%
2017-18Russell Westbrook
99.2%
2018-19Paul George
81.8%
Remove Ads.
Support Sporcle.
Get the best of Sporcle when you Go Orange. This ad-free experience offers more features, more stats, and more fun while also helping to support Sporcle. Thank you for becoming a member.

You're not logged in!

Compare scores with friends on all Sporcle quizzes.
OR
Log In

Show Comments

Extras

Top Quizzes Today


Score Distribution

Your Account Isn't Verified!

In order to create a playlist on Sporcle, you need to verify the email address you used during registration. Go to your Sporcle Settings to finish the process.

Report this User

Report this user for behavior that violates our Community Guidelines.

Details: